Las Huelgas generales Argentina 1983-2001: un ejercicio de periodización /

Guardat en:
Dades bibliogràfiques
Autor principal: Carrera, Nicolás Iñigo
Format: Text
Matèries:
Etiquetes: Afegir etiqueta
Sense etiquetes, Sigues el primer a etiquetar aquest registre!

MARC

LEADER 00000 a a2200000 04500
001 12650
003
040
100 |a Carrera, Nicolás Iñigo  
245 |a Las Huelgas generales Argentina 1983-2001:   |b un ejercicio de periodización /  |c Nicolás Iñigo Carrera 
650 |a HUELGAS  
650 |a GOBIERNO  
650 |a POLITICA GUBERNAMENTAL  
650 |a CONDICIONES ECONOMICAS  
650 |a ACCION COLECTIVA  
773 |g volumen 5, número 5 (33); páginas 109-136  
999 |c 29758  |d 29758